Statistics for US Cities With Greatest Police Presence

Click here to take the quiz!

General Stats

  • This quiz has been taken 745 times
  • The average score is 7 of 15

Answer Stats

HintCity% Correct
41.7New York, NY
98%
44.1Chicago, IL
83%
36.3Detroit MI
72%
61,2Washington, DC
72%
40.6Atlanta, GA
64%
42.4Philadelphia, PA
63%
47.4Baltimore, MD
60%
37.6Cleveland, OH
53%
41.5St Louis, MO
52%
36.7Memphis, TN
45%
38.2Newark, NJ
36%
40.6Birmingham, Al
21%
38.1Hartford, CT
17%
42.6Wilmington, DE
7%
40.8Miami Beach, FL
3%

Score Distribution

Percentile by Number Answered

Percent of People with Each Score

Your Score History

You have not taken this quiz